[Event "AUTO-OPEN-4571"]
[Site "http://www.queenalice.com/game.php?id=1856905"]
[Date "2025.5.7"]
[Round "2"]
[White "josekasparov"]
[Black "bmax"]
[Result "1-0"]
[WhiteElo "2550"]
[BlackElo "2274"]

1. e4 c6 2. d4 d5 3. f3 dxe4 4. fxe4 e5 5. Nf3 Bg4 6. Bc4 Nd7 7. O-O Ngf6 8. c3
Be7 9. Kh1 Nxe4 10. Bxf7+ Kxf7 11. Nxe5+ Ke8 12. Qxg4 Nxe5 13. Qxe4 Ng6 14. Bg5
Rc8 15. Nd2 Rc7 16. Rae1 Qd5 17. Qg4 Rf8 18. Rxf8+ Nxf8 19. Nf3 Kd8 20. Bxe7+
1-0

[Event "AUTO-OPEN-4571"]
[Site "http://www.queenalice.com/game.php?id=1856906"]
[Date "2025.5.7"]
[Round "2"]
[White "bmax"]
[Black "josekasparov"]
[Result "0-1"]
[WhiteElo "2266"]
[BlackElo "2553"]

1. d4 Nf6 2. Bf4 g6 3. e3 d5 4. c3 Bg7 5. Nf3 c5 6. Nbd2 O-O 7. Be2 Nc6 8. O-O
Nd7 9. Qb3 e5 10. Bg5 Qc7 11. Qxd5 cxd4 12. exd4 h6 13. Bh4 Nb6 14. Qb3 Be6 15.
Qc2 Nxd4 16. Nxd4 exd4 17. Bg3 Qd7 18. Nf3 dxc3 19. bxc3 Qa4 20. Qb2 Rac8 21.
Bb5 Qa5 22. Nd4 a6 23. Nxe6 fxe6 24. Rfe1 Qxb5 25. Qc2 Qf5 26. Qb3 Nd5 27. Qxb7
Bxc3 28. Rec1 Nf4 29. Bxf4 Qxf4 30. Rab1 Qxf2+ 31. Kh1 Qf4 0-1

[Event "AUTO-OPEN-4571"]
[Site "http://www.queenalice.com/game.php?id=1856907"]
[Date "2025.5.7"]
[Round "2"]
[White "josekasparov"]
[Black "cerenzo72"]
[Result "1-0"]
[WhiteElo "2532"]
[BlackElo "1945"]

1. e4 e5 2. Bc4 Nf6 3. d3 Nc6 4. f4 d5 5. exd5 Nxd5 6. fxe5 Nxe5 7. Qe2 Qd6 8.
Nf3 f6 9. Bxd5 Qxd5 10. d4 Bg4 11. dxe5 Bxf3 12. gxf3 fxe5 13. Nc3 Bb4 14. Bd2
Qa5 15. Qb5+ c6 16. Qxa5 Bxa5 17. O-O-O O-O 18. Rde1 Bc7 19. Rhf1 Rad8 20. Ne4
b6 21. Bc3 a5 22. Ng5 Rde8 23. f4 h6 24. Ne4 exf4 25. Rg1 Rf7 26. Nf6+ 1-0

[Event "AUTO-OPEN-4559"]
[Site "http://www.queenalice.com/game.php?id=1858225"]
[Date "2025.6.3"]
[Round "2"]
[White "Scharlatan"]
[Black "josekasparov"]
[Result "0-1"]
[WhiteElo "2030"]
[BlackElo "2522"]

1. d4 Nf6 2. Nc3 d5 3. Bf4 c5 4. e3 Nc6 5. Nb5 e5 6. Bxe5 Nxe5 7. dxe5 a6 8. Nc3
d4 9. exf6 dxc3 10. Qxd8+ Kxd8 11. b3 b5 12. O-O-O+ Kc7 13. Ne2 b4 14. Nf4 gxf6
15. Bc4 Bg4 16. f3 Be6 17. Nd5+ Kc6 18. Nxf6 a5 19. Bxe6 fxe6 20. Rd3 a4 21.
Rhd1 axb3 22. cxb3 c4 23. bxc4 Rxa2 24. Nd7 Bc5 0-1

[Event "AUTO-OPEN-4559"]
[Site "http://www.queenalice.com/game.php?id=1858226"]
[Date "2025.6.3"]
[Round "2"]
[White "josekasparov"]
[Black "Scharlatan"]
[Result "1-0"]
[WhiteElo "2539"]
[BlackElo "2133"]

1. e4 d6 2. d4 Nf6 3. Nc3 g6 4. Be3 Bg7 5. Qd2 c6 6. Bh6 Bxh6 7. Qxh6 e5 8. Nf3
Qe7 9. Bc4 Nbd7 10. O-O Qf8 11. Qh4 h6 12. dxe5 Nxe5 13. Nxe5 dxe5 14. Qxf6 1-0

[Event "AUTO-OPEN-4559"]
[Site "http://www.queenalice.com/game.php?id=1858229"]
[Date "2025.6.3"]
[Round "2"]
[White "BeatifulDevil56"]
[Black "josekasparov"]
[Result "0-1"]
[WhiteElo "2176"]
[BlackElo "2538"]

1. Nf3 d5 2. d4 Nf6 3. c4 e6 4. cxd5 exd5 5. Bf4 Bd6 6. Be5 Nc6 7. Nc3 Be6 8.
Bxd6 Qxd6 9. e3 O-O 10. h3 a6 11. Bd3 Ne7 12. O-O Bf5 13. Bxf5 Nxf5 14. Qc2 g6
15. g4 Ne7 16. Rac1 c6 17. Qb3 Nd7 18. Ne2 f5 19. g5 a5 20. a4 Rfb8 21. Kg2 b5
22. axb5 Rxb5 23. Qc3 Qb4 24. Qxb4 Rxb4 25. Rc2 Rab8 0-1

[Event "AUTO-OPEN-4559"]
[Site "http://www.queenalice.com/game.php?id=1858230"]
[Date "2025.6.3"]
[Round "2"]
[White "josekasparov"]
[Black "BeatifulDevil56"]
[Result "1-0"]
[WhiteElo "2531"]
[BlackElo "2179"]

1. e4 e6 2. d4 d5 3. Nc3 Nf6 4. e5 Nfd7 5. Nce2 c5 6. c3 Nc6 7. Nf3 Be7 8. a3 f6
9. Nf4 Ndxe5 10. dxe5 fxe5 11. Nh5 O-O 12. h4 Qe8 13. Ng5 h6 14. Nh3 Qg6 15. Bd3
Qxg2 16. Rg1 1-0

[Event "AUTO-OPEN-4571"]
[Site "http://www.queenalice.com/game.php?id=1859840"]
[Date "2025.7.11"]
[Round "3"]
[White "josekasparov"]
[Black "josebaron"]
[Result "1-0"]
[WhiteElo "2533"]
[BlackElo "2211"]

1. e4 e5 2. Bc4 Nf6 3. d3 Bc5 4. Nc3 O-O 5. f4 exf4 6. Bxf4 Bxg1 7. Rxg1 d6 8.
g4 Be6 9. Qe2 Bxc4 10. dxc4 Nc6 11. O-O-O Qe7 12. g5 Nd7 13. Nd5 Qd8 14. Qh5
Nce5 15. Bxe5 Nxe5 16. Nf6+ gxf6 17. gxf6+ Ng6 18. e5 1-0

[Event "AUTO-OPEN-4571"]
[Site "http://www.queenalice.com/game.php?id=1859841"]
[Date "2025.7.11"]
[Round "3"]
[White "josebaron"]
[Black "josekasparov"]
[Result "0-1"]
[WhiteElo "2225"]
[BlackElo "2535"]

1. e4 e6 2. Nf3 d5 3. exd5 exd5 4. d4 Nf6 5. Be2 Bd6 6. O-O O-O 7. c4 c6 8. c5
Bc7 9. Nc3 Bg4 10. h3 Bh5 11. Bg5 Nbd7 12. Bxf6 Nxf6 13. a4 b6 14. cxb6 axb6 15.
Ne5 Bxe2 16. Nxe2 c5 17. Nf3 Re8 18. dxc5 bxc5 19. Nc3 Ba5 20. Nb5 Qd7 21. Qc2
Rac8 22. Rad1 h6 23. b3 Qe6 24. Nc3 c4 25. Nd4 cxb3 0-1

[Event "AUTO-OPEN-4571"]
[Site "http://www.queenalice.com/game.php?id=1859842"]
[Date "2025.7.11"]
[Round "3"]
[White "josekasparov"]
[Black "guss"]
[Result "1/2-1/2"]
[WhiteElo "2516"]
[BlackElo "2591"]

1. e4 e5 2. Bc4 Nf6 3. d3 c6 4. Nf3 d5 5. Bb3 a5 6. a4 Bd6 7. Bg5 dxe4 8. dxe4
Qe7 9. Qe2 Nbd7 10. Nbd2 h6 11. Bh4 O-O 12. O-O Nc5 13. Nc4 Bc7 14. Rfe1 Re8 15.
Qe3 g5 16. Bg3 Be6 17. Ncxe5 Bxb3 18. cxb3 Ncxe4 19. Nc4 Bxg3 20. hxg3 Ng4 21.
Qd4 f5 22. Ne3 Nxe3 23. Rxe3 Rad8 24. Qb6 Qc5 25. Qc7 Rf8 26. Re2 Qb4 27. Rae1
Rde8 28. Qd7 Qxb3 29. g4 Qd5 30. Qxd5+ cxd5 31. gxf5 Rxf5 32. Nd2 Ref8 33. Nxe4
dxe4 34. Rd2 Re5 35. Rd6 Kg7 36. Rb6 Rf7 37. b4 Rfe7 38. bxa5 Rxa5 39. Rb4 h5
40. Rexe4 Rxe4 41. Rxe4 b5 42. Re5 Kf6 43. Rxb5 Rxa4 44. f3 Ra6 45. Kf2 Kg6 46.
Kg3 Rd6 47. Ra5 Rb6 48. Rc5 Re6 49. Ra5 Rd6 50. Rb5 Ra6 51. Rc5 Re6 52. Ra5 Re2
53. Rb5 Re6 54. Ra5 1/2-1/2

[Event "AUTO-OPEN-4571"]
[Site "http://www.queenalice.com/game.php?id=1859843"]
[Date "2025.7.11"]
[Round "3"]
[White "guss"]
[Black "josekasparov"]
[Result "1/2-1/2"]
[WhiteElo "2566"]
[BlackElo "2537"]

1. e4 c5 2. Nf3 d6 3. Bb5+ Nd7 4. O-O Nf6 5. Nc3 g6 6. a4 Bg7 7. d3 O-O 8. h3 a6
9. Bc4 b6 10. Bg5 Bb7 11. Qd2 Qc7 12. Rfe1 e6 13. Bf4 Qc6 14. Bg5 d5 15. exd5
Nxd5 16. Bxd5 exd5 17. d4 Rfe8 18. Bh6 Bh8 19. a5 b5 20. Rxe8+ Rxe8 21. Re1
Rxe1+ 22. Qxe1 Qe6 23. Qd2 Bf6 24. Be3 c4 25. Bg5 Bg7 26. Bh6 Bf6 27. Bg5 Bg7
1/2-1/2

[Event "AUTO-OPEN-4480"]
[Site "http://www.queenalice.com/game.php?id=1860566"]
[Date "2025.7.25"]
[Round "2"]
[White "Jovanina1"]
[Black "josekasparov"]
[Result "0-1"]
[WhiteElo "2224"]
[BlackElo "2528"]

1. g4 d5 2. Bg2 Bxg4 3. c4 c6 4. cxd5 cxd5 5. Qb3 Nf6 6. Qxb7 Nbd7 7. Bxd5 Rb8
8. Bxf7+ Kxf7 9. Qxa7 e5 10. Qa4 Bc5 11. Qc4+ Be6 12. Qh4 g5 13. Qa4 Qb6 14. e3
Ra8 15. Qd1 Bxa2 16. Na3 Bd5 17. f3 g4 18. h4 Qc6 19. Rh2 Rhg8 20. e4 Bxg1 21.
Rg2 gxf3 22. Rxg8 f2+ 23. Kf1 Rxg8 24. d3 Be6 25. Qf3 Bg4 0-1

[Event "AUTO-OPEN-4480"]
[Site "http://www.queenalice.com/game.php?id=1860567"]
[Date "2025.7.25"]
[Round "2"]
[White "josekasparov"]
[Black "Jovanina1"]
[Result "1-0"]
[WhiteElo "2511"]
[BlackElo "2224"]

1. e4 e6 2. d4 c5 3. Nf3 cxd4 4. Nxd4 Qb6 5. Nb3 Nc6 6. Nc3 Bb4 7. Bd2 Nh6 8.
Qe2 a6 9. g4 Ng8 10. a3 Be7 11. O-O-O d6 12. Kb1 Qc7 13. g5 Bd7 14. f4 h6 15. h4
g6 16. Bh3 hxg5 17. hxg5 Bf8 18. Bxe6 Rxh1 19. Bxd7+ Qxd7 20. Rxh1 Bg7 21. Nd5
Rb8 22. f5 Be5 23. f6 Qd8 24. Rh8 Kf8 25. Qg4 Bxf6 26. Nxf6 Ke7 27. Nxg8+ 1-0

[Event "AUTO-OPEN-4480"]
[Site "http://www.queenalice.com/game.php?id=1860570"]
[Date "2025.7.25"]
[Round "2"]
[White "cm1964"]
[Black "josekasparov"]
[Result "1-0"]
[WhiteElo "2371"]
[BlackElo "2528"]

1. e4 c5 2. Nf3 d6 3. d4 cxd4 4. Nxd4 Nf6 5. Nc3 g6 6. Be3 Bg7 7. f3 O-O 8. Qd2
Nc6 9. Bc4 Bd7 10. O-O-O Rb8 11. Bb3 Na5 12. h4 b5 13. h5 Nc4 14. Bxc4 bxc4 15.
Nde2 Qa5 16. hxg6 fxg6 17. Qd4 h5 18. Qxa7 Qb4 19. Kd2 Ra8 20. Qb6 Qxb6 21. Bxb6
Rfb8 22. Be3 Rxb2 23. Rb1 Rxb1 24. Rxb1 Kf7 25. Rb4 Ra5 26. Rb7 Ke8 27. Nd4 Ng8
28. Rb8+ Kf7 29. Rb7 Ke8 30. Rb8+ Kf7 31. Nde2 1-0

[Event "AUTO-OPEN-4480"]
[Site "http://www.queenalice.com/game.php?id=1860571"]
[Date "2025.7.25"]
[Round "2"]
[White "josekasparov"]
[Black "cm1964"]
[Result "0-1"]
[WhiteElo "2517"]
[BlackElo "2388"]

1. e4 c6 2. d4 d5 3. f3 dxe4 4. fxe4 e5 5. Nf3 Bg4 6. Bc4 Nd7 7. O-O Ngf6 8. c3
Bd6 9. Bg5 h6 10. Be3 Bh5 11. Qe1 Ng4 12. Nbd2 Nxe3 13. Qxe3 Qe7 14. a4 O-O 15.
Kh1 Rad8 16. Bb3 exd4 17. cxd4 c5 18. d5 Rfe8 19. Rae1 Bg6 20. Bc2 Ne5 21. b3
Bh5 22. Nxe5 Bxe5 23. Nc4 b6 24. h3 Bd4 25. Qf4 Bc3 26. d6 Qf6 27. Qe3 Qd4 28.
Qxd4 cxd4 29. e5 a6 30. g4 b5 0-1

[Event "AUTO-OPEN-4590"]
[Site "http://www.queenalice.com/game.php?id=1863420"]
[Date "2025.9.27"]
[Round "2"]
[White "WoodpusherKid"]
[Black "josekasparov"]
[Result "1-0"]
[WhiteElo "2543"]
[BlackElo "2530"]

1. c4 e5 2. g3 Nf6 3. Bg2 d5 4. cxd5 Nxd5 5. Nf3 Nc6 6. O-O Be6 7. Nc3 Be7 8. d4
exd4 9. Nb5 O-O 10. Nbxd4 Nxd4 11. Nxd4 Bc8 12. Qb3 c6 13. e4 Nf4 14. gxf4 Qxd4
15. f5 Rd8 16. Qg3 Bd6 17. Bf4 Bxf4 18. Qxf4 b6 19. b3 Ba6 20. Rfe1 f6 21. h4
Rac8 22. Qg3 Qe5 23. Rad1 Qe7 24. Bf3 Rxd1 25. Rxd1 c5 26. Rd6 c4 27. Re6 Qc7
28. Re8+ Kf7 29. Bh5+ 1-0

[Event "AUTO-OPEN-4590"]
[Site "http://www.queenalice.com/game.php?id=1863421"]
[Date "2025.9.27"]
[Round "2"]
[White "josekasparov"]
[Black "WoodpusherKid"]
[Result "1/2-1/2"]
[WhiteElo "2513"]
[BlackElo "2608"]

1. e4 e5 2. Bc4 Nf6 3. d3 c6 4. Nf3 d5 5. Bb3 a5 6. a4 Bb4+ 7. c3 Bd6 8. Bg5
dxe4 9. dxe4 h6 10. Bh4 O-O 11. Nbd2 Qe7 12. Nc4 Bc7 13. h3 Rd8 14. Qe2 Be6 15.
O-O Nbd7 16. Rad1 b5 17. axb5 cxb5 18. Ncd2 Bxb3 19. Nxb3 a4 20. Nc1 g5 21. Bg3
Nc5 22. Nd3 Nfxe4 23. Bh2 Nxd3 24. Rxd3 Nc5 25. Rxd8+ Rxd8 26. Qxb5 Kh7 27. Qc4
Rb8 28. Rb1 f6 29. Nd4 Rb7 30. Nf5 Qd7 31. Nxh6 Kxh6 32. Qxc5 Rxb2 33. Qf8+ Kh7
34. Ra1 Ra2 35. Rb1 Rb2 36. Ra1 Bd8 37. Bg3 Rb6 38. f3 Ra6 39. Qb4 Kg7 40. h4
gxh4 41. Qxh4 a3 42. Bf2 Be7 43. Be3 Qd3 44. Qg4+ Kf7 45. Qh5+ Qg6 46. Qxg6+
Kxg6 47. Kf2 Rc6 48. Bd2 f5 49. Ke2 Kf7 50. Kd3 Rg6 51. Bc1 Ra6 52. Ra2 Ke6 53.
Kc4 e4 54. fxe4 fxe4 55. g4 Ke5 56. g5 Kf5 57. Rf2+ Ke5 58. Kb3 1/2-1/2

[Event "AUTO-OPEN-4590"]
[Site "http://www.queenalice.com/game.php?id=1863424"]
[Date "2025.9.27"]
[Round "2"]
[White "josebaron"]
[Black "josekasparov"]
[Result "0-1"]
[WhiteElo "2122"]
[BlackElo "2527"]

1. e4 c5 2. Nf3 d6 3. Bb5+ Bd7 4. Bxd7+ Qxd7 5. O-O Nc6 6. Re1 g6 7. d4 cxd4 8.
Nxd4 Bg7 9. Nxc6 bxc6 10. c3 Nf6 11. Nd2 O-O 12. Nf3 Rfd8 0-1

[Event "AUTO-OPEN-4590"]
[Site "http://www.queenalice.com/game.php?id=1863425"]
[Date "2025.9.27"]
[Round "2"]
[White "josekasparov"]
[Black "josebaron"]
[Result "1-0"]
[WhiteElo "2526"]
[BlackElo "2123"]

1. e4 e5 2. Bc4 Nf6 3. d3 Bc5 4. Nc3 c6 5. Nf3 d6 6. O-O O-O 7. h3 Be6 8. Bxe6
fxe6 9. Na4 Bb6 10. Nxb6 axb6 11. Bg5 Nbd7 12. Qe2 b5 13. a3 h6 14. Bh4 1-0

[Event "Challenge"]
[Site "http://www.queenalice.com/game.php?id=1866875"]
[Date "2025.12.10"]
[Round "-"]
[White "josekasparov"]
[Black "jogo"]
[Result "1-0"]
[WhiteElo "2527"]
[BlackElo "2009"]

1. e4 c5 2. Nf3 d6 3. d4 cxd4 4. Qxd4 a6 5. Bg5 h6 6. Be3 Nc6 7. Qd2 Qa5 8. Nc3
b5 9. Nd5 Qxd2+ 10. Kxd2 Ne5 11. Nc7+ Kd8 12. Nxa8 Nxf3+ 13. gxf3 Bb7 14. Nb6 e6
15. a4 b4 16. Bd3 Nf6 17. Rhg1 d5 18. exd5 exd5 19. a5 Bd6 20. Rxg7 1-0